000 00320nam a22001457a 4500
008 221019b ||||| |||| 00| 0 eng d
020 _a0815125364
041 _aeng
080 _a616.053
082 _a616.053
100 _a14.2
101 _aPEDI
245 _aPEDIATRIC CRITICAL CARE
_cFUHRMAN B
942 _2udc
_cBK
999 _c58606
_d58606